| 000 | 01375nam a22002891i 4500 | ||
|---|---|---|---|
| 005 | 20210204182432.0 | ||
| 008 | 210204t2019 nyua|||j ||| 000 1 eng d | ||
| 020 |
_a9781338314694 _cRM 29.88 _qpaperback |
||
| 040 |
_aPPAK _beng _cPPAK _erda |
||
| 082 | 0 | 4 |
_223 _a813.6 |
| 090 | 0 | 0 |
_a813.6 _bCUM _dK |
| 100 | 1 |
_aCummings, Troy, _eauthor. |
|
| 245 | 1 | 4 |
_aTHE BINDER OF DOOM : _bBOA CONSTRUCTION / _cby Troy Cummings |
| 264 | 1 |
_aNew York, NY : _bBranches/Scholastic Inc., _c2019. |
|
| 264 | 4 | _c©2019 | |
| 300 |
_a90 pages : _b illustrations ; _c20 cm. |
||
| 336 |
_2rdacontent _atext |
||
| 337 |
_2rdamedia _aunmediated |
||
| 338 |
_2rdacarrier _avolume |
||
| 490 | 1 |
_aTHE BINDER OF DOOM _v 2 |
|
| 520 | _aSomething is stealing machine parts from all over Stermont, including a wrecking ball from a local construction site, and Alexander and his fellow monster hunters, Rip, and Nikki, fear that it is building a Stermont-smashing machine--so the friends must use the resources of the summer maker program at the library to stop this monster, and perhaps even solve the mystery of who is leaving monster trading cards where the Super Secret Monster Patrol can find them. | ||
| 650 | 1 | 0 |
_aMonsters _vJuvenile fiction. |
| 650 | 2 | 0 |
_aConstruction equipment _vJuvenile fiction. |
| 650 | 2 | 0 | _aChildren's stories. |
| 830 | 0 |
_aThe Binder of Doom _v 2 |
|
| 942 |
_2ddc _cB |
||
| 999 |
_c181821 _d181821 |
||